[Event "Velka cena Tabora"]
[Site "?"]
[Date "2018.08.02"]
[Round "6.1"]
[White "Zeman, Matyas"]
[Black "Zilavy, Jan"]
[Result "1-0"]
[WhiteElo "2181"]
[BlackElo "2030"]
[PlyCount "79"]
[EventDate "2018.??.??"]

1. e4 e6 2. d4 d5 3. Nc3 Bb4 4. e5 c5 5. Bd2 Ne7 6. a3 Bxc3 7. Bxc3 b6 8. Bb5+
Bd7 9. Be2 Nbc6 10. Nf3 Nf5 11. O-O Qc7 12. dxc5 bxc5 13. Bd3 Nfe7 14. Re1 Ng6
15. b4 cxb4 16. axb4 O-O 17. b5 Nce7 18. Bb4 Rfb8 19. Bd6 Qb7 20. Bxb8 Rxb8 21.
Rb1 Qc7 22. Qd2 Nc8 23. h4 h6 24. h5 Nf8 25. Nd4 Nb6 26. Qb4 Be8 27. Ra1 Rb7
28. f4 Nfd7 29. Nc6 Nc8 30. Qd4 Rb6 31. c4 dxc4 32. Qxc4 Rb7 33. Qe4 Nf8 34.
Rec1 Ne7 35. Nxe7+ Qxe7 36. Rc8 f6 37. exf6 Qxf6 38. Qe5 Qxe5 39. fxe5 Bxh5 40.
Ra8 1-0

[Event "Velka cena Tabora"]
[Site "?"]
[Date "2018.08.02"]
[Round "6.3"]
[White "Pribyl, Josef"]
[Black "Chval, Zdenek"]
[Result "1-0"]
[WhiteElo "2263"]
[BlackElo "2138"]
[PlyCount "69"]
[EventDate "2018.??.??"]

1. Nf3 c5 2. c4 Nf6 3. Nc3 g6 4. g3 Bg7 5. Bg2 O-O 6. O-O d6 7. d4 Nc6 8. d5
Na5 9. Nd2 a6 10. Qc2 Rb8 11. a3 b5 12. cxb5 axb5 13. b4 cxb4 14. axb4 Nc4 15.
Nxc4 bxc4 16. Rb1 Qc7 17. h3 e6 18. dxe6 fxe6 19. Rd1 Nd7 20. Be3 Ne5 21. b5
Nd7 22. b6 Rxb6 23. Rxb6 Nxb6 24. Nb5 Qb8 25. Nxd6 Nd5 26. Bc5 Qc7 27. Ne4 Re8
28. Qxc4 Rd8 29. Qb3 Bd7 30. Qd3 Re8 31. Bd4 Bc6 32. Bxg7 Qxg7 33. Ng5 h6 34.
Nxe6 Rxe6 35. Bxd5 1-0

[Event "Velka cena Tabora"]
[Site "?"]
[Date "2018.08.02"]
[Round "6.4"]
[White "Popelka, Oldrich"]
[Black "Heinzel, Olaf"]
[Result "1-0"]
[WhiteElo "2110"]
[BlackElo "2354"]
[PlyCount "41"]
[EventDate "2018.??.??"]

1. Nf3 d5 2. d4 Nf6 3. e3 e6 4. Bd3 c5 5. c3 Bd6 6. Nbd2 Nc6 7. O-O O-O 8. dxc5
Bxc5 9. b4 Bd6 10. Bb2 e5 11. e4 dxe4 12. Nxe4 Nxe4 13. Bxe4 f5 14. Bd5+ Kh8
15. b5 Ne7 16. c4 Nxd5 17. Qxd5 e4 18. Rfd1 exf3 19. Qxd6 Qxd6 20. Rxd6 fxg2
21. Re1 1-0

[Event "Velka cena Tabora"]
[Site "?"]
[Date "2018.08.02"]
[Round "6.5"]
[White "Rolinek, Dominik"]
[Black "Borkovec, Milan"]
[Result "0-1"]
[WhiteElo "2004"]
[BlackElo "2202"]
[PlyCount "60"]
[EventDate "2018.??.??"]

1. d4 Nf6 2. Bf4 d5 3. Nf3 e6 4. e3 Bd6 5. Bg3 O-O 6. Bd3 c5 7. c3 Nc6 8. Nbd2
b6 9. e4 dxe4 10. Nxe4 Nxe4 11. Bxe4 Bb7 12. dxc5 Bxc5 13. Qa4 Rc8 14. Rd1 Qe8
15. O-O f5 16. Bc2 b5 17. Qxb5 Bb6 18. Bd6 Rf6 19. Bb3 Qh5 20. Rfe1 Re8 21. Bc5
f4 22. Ne5 Bxc5 23. Qxc5 Rf5 24. Qb5 Ba8 25. Rd5 exd5 26. g4 fxg3 27. Bxd5+ Kh8
28. Nf7+ Qxf7 29. Bxf7 Rxe1+ 30. Kg2 gxf2 0-1

[Event "Velka cena Tabora"]
[Site "?"]
[Date "2018.08.02"]
[Round "6.6"]
[White "Volodin, Viktor"]
[Black "Bartos, Alois"]
[Result "1-0"]
[WhiteElo "2188"]
[BlackElo "1971"]
[PlyCount "89"]
[EventDate "2018.??.??"]

1. Nf3 c5 2. c4 Nf6 3. d4 cxd4 4. Nxd4 Nc6 5. Nc3 e6 6. g3 Qb6 7. Nb3 Ne5 8. e4
Bb4 9. Qe2 O-O 10. f4 Nc6 11. Be3 Bxc3+ 12. bxc3 Qc7 13. e5 Ne8 14. c5 f6 15.
exf6 Nxf6 16. Bg2 b6 17. Rd1 Bb7 18. O-O Ne7 19. Bd4 Nc6 20. Be3 Ne7 21. Bd4
Nc6 22. Bf2 Rfe8 23. Rfe1 Ne7 24. c4 Rab8 25. Bd4 Bxg2 26. Qxg2 Nc6 27. cxb6
axb6 28. Be5 Nxe5 29. fxe5 Ng4 30. Qe4 Nh6 31. g4 Rec8 32. Rd4 Qd8 33. h3 Qe7
34. Red1 Rc7 35. Kg2 Nf7 36. h4 Qxh4 37. Rh1 Qg5 38. Qxh7+ Kf8 39. Rf1 Ke7 40.
Nd2 Ra8 41. Rdf4 Nxe5 42. Qb1 Rh8 43. Qb4+ Rc5 44. Qxb6 Rc6 45. Qb4+ 1-0

[Event "Velka cena Tabora"]
[Site "?"]
[Date "2018.08.02"]
[Round "6.7"]
[White "Nehyba, Martin"]
[Black "Masek, Jan"]
[Result "1/2-1/2"]
[WhiteElo "2163"]
[BlackElo "1909"]
[PlyCount "68"]
[EventDate "2018.??.??"]

1. e4 e5 2. Nf3 Nc6 3. Bb5 Nf6 4. d3 d6 5. c3 Be7 6. Be3 O-O 7. O-O Ng4 8. h3
Nxe3 9. fxe3 f5 10. exf5 Bxf5 11. e4 Bg6 12. Nbd2 Bf6 13. Ba4 Bf7 14. Re1 Ne7
15. d4 c6 16. Bb3 Qd7 17. Nc4 Qc7 18. Qc2 h5 19. Rad1 Rad8 20. Rf1 Ng6 21. Kh1
Nf4 22. dxe5 dxe5 23. Rxd8 Rxd8 24. Ncxe5 Bxe5 25. Bxf7+ Kxf7 26. Nxe5+ Qxe5
27. g3 g5 28. Qe2 Kg6 29. gxf4 gxf4 30. Rg1+ Kh6 31. Qg2 Rd6 32. Qf3 Re6 33.
Re1 Rg6 34. Rg1 Re6 1/2-1/2

[Event "Velka cena Tabora"]
[Site "?"]
[Date "2018.08.02"]
[Round "6.8"]
[White "Lys, Josef"]
[Black "Hasek, Vaclav"]
[Result "1-0"]
[WhiteElo "2118"]
[BlackElo "1913"]
[PlyCount "87"]
[EventDate "2018.??.??"]

1. d4 d5 2. c4 c6 3. Nc3 Nf6 4. Nf3 e6 5. e3 Nbd7 6. Be2 Bd6 7. b3 b6 8. cxd5
exd5 9. Bb2 O-O 10. Rc1 Bb7 11. Nd2 Re8 12. Bf3 Rc8 13. O-O Nf8 14. e4 dxe4 15.
Ncxe4 Nxe4 16. Bxe4 Bf4 17. Bf5 Ne6 18. Rc2 Qg5 19. Bg4 Rcd8 20. Bxe6 Rxe6 21.
Nf3 Qe7 22. Bc1 Bxc1 23. Qxc1 f6 24. Qf4 Re8 25. h3 Qd6 26. Qxd6 Rxd6 27. Rfc1
Kf7 28. b4 h5 29. h4 Ree6 30. Rc3 Rd5 31. a4 a6 32. Re3 Rdd6 33. Kf1 Bc8 34. a5
b5 35. Rc4 g6 36. d5 Rxe3 37. fxe3 Bb7 38. dxc6 Rxc6 39. Rxc6 Bxc6 40. Nd2 Bd5
41. e4 Ba2 42. Ke2 Ke6 43. Ke3 Kd6 44. Kd4 1-0

[Event "Velka cena Tabora"]
[Site "?"]
[Date "2018.08.02"]
[Round "6.9"]
[White "Krouzel, Jaroslav"]
[Black "Mulenko, Alexander"]
[Result "1/2-1/2"]
[WhiteElo "2079"]
[BlackElo "2109"]
[PlyCount "33"]
[EventDate "2018.??.??"]

1. d4 Nf6 2. c4 e6 3. Nc3 Bb4 4. Bg5 h6 5. Bh4 c5 6. d5 d6 7. e3 Bxc3+ 8. bxc3
e5 9. Qc2 Nbd7 10. Bd3 Qe7 11. f3 g5 12. Bg3 Nh5 13. Ne2 Ndf6 14. O-O Ng7 15.
Bf2 O-O 16. Ng3 Nfh5 17. Nxh5 1/2-1/2

[Event "Velka cena Tabora"]
[Site "?"]
[Date "2018.08.02"]
[Round "6.10"]
[White "Romanov, Sergey"]
[Black "Havluj, Zdenek"]
[Result "1-0"]
[WhiteElo "2101"]
[BlackElo "1873"]
[PlyCount "47"]
[EventDate "2018.??.??"]

1. e4 d6 2. d4 Nf6 3. Nc3 g6 4. f3 c6 5. a4 a5 6. Be3 Na6 7. Bc4 Nb4 8. Bb3 Bg7
9. Qd2 O-O 10. Nge2 b6 11. g4 e5 12. g5 Nd7 13. d5 c5 14. Nb5 Qe7 15. c3 Na6
16. h4 f5 17. O-O-O Rf7 18. exf5 Rxf5 19. Ng3 Rxf3 20. Ne4 Nf8 21. Nbxd6 Bg4
22. Nf5 Qd7 23. Nxg7 Rxe3 24. Nf6+ 1-0

[Event "Velka cena Tabora"]
[Site "?"]
[Date "2018.08.03"]
[Round "7.1"]
[White "den Boer, Lennard"]
[Black "Zeman, Matyas"]
[Result "1/2-1/2"]
[WhiteElo "2112"]
[BlackElo "2181"]
[PlyCount "23"]
[EventDate "2018.??.??"]

1. e4 c5 2. c3 d5 3. exd5 Qxd5 4. d4 Nc6 5. Nf3 Bf5 6. Be3 Nf6 7. Na3 cxd4 8.
Nb5 O-O-O 9. Nbxd4 Ng4 10. Nxf5 Qxf5 11. Qe2 Nxe3 12. Qxe3 1/2-1/2

[Event "Velka cena Tabora"]
[Site "?"]
[Date "2018.08.03"]
[Round "7.2"]
[White "Popelka, Oldrich"]
[Black "Pribyl, Josef"]
[Result "1/2-1/2"]
[WhiteElo "2110"]
[BlackElo "2269"]
[PlyCount "61"]
[EventDate "2018.??.??"]

1. c4 c5 2. Nc3 Nc6 3. g3 g6 4. Bg2 Bg7 5. Nf3 e5 6. d3 d6 7. O-O Nge7 8. a3 a6
9. Rb1 Rb8 10. b4 cxb4 11. axb4 b5 12. cxb5 axb5 13. e4 O-O 14. Be3 Nd4 15.
Bxd4 exd4 16. Nd5 Nxd5 17. exd5 Re8 18. Ra1 Bb7 19. Nd2 Ra8 20. Re1 Rxe1+ 21.
Qxe1 Kf8 22. Nb3 Rxa1 23. Qxa1 Qa8 24. Qxa8+ Bxa8 25. Kf1 Ke7 26. Na5 Kd7 27.
Ke2 Kc7 28. f4 f5 29. Kf2 Bf6 30. Nc6 Bb7 31. Bf3 1/2-1/2

[Event "Velka cena Tabora"]
[Site "?"]
[Date "2018.08.03"]
[Round "7.3"]
[White "Romanov, Sergey"]
[Black "Dolezal, Radoslav"]
[Result "1/2-1/2"]
[WhiteElo "2102"]
[BlackElo "2368"]
[PlyCount "27"]
[EventDate "2018.??.??"]

1. e4 c6 2. d4 d5 3. Nd2 dxe4 4. Nxe4 Nd7 5. Bc4 Ngf6 6. Ng5 e6 7. Qe2 Nb6 8.
Bd3 h6 9. N5f3 c5 10. dxc5 Bxc5 11. Ne5 Nbd7 12. Ngf3 Nxe5 13. Nxe5 Nd7 14. O-O
1/2-1/2

[Event "Velka cena Tabora"]
[Site "?"]
[Date "2018.08.03"]
[Round "7.4"]
[White "Borkovec, Milan"]
[Black "Nagy, Ladislav"]
[Result "1/2-1/2"]
[WhiteElo "2202"]
[BlackElo "1996"]
[PlyCount "209"]
[EventDate "2018.??.??"]

1. e4 c5 2. Nf3 e6 3. d4 cxd4 4. Nxd4 Nc6 5. Nb5 d6 6. c4 Nf6 7. N1c3 a6 8. Na3
Be7 9. Be2 O-O 10. O-O Qc7 11. Be3 b6 12. f3 Ne5 13. Rc1 Rd8 14. Qb3 Ned7 15.
Rfd1 Nc5 16. Qc2 Bb7 17. Bf1 Rac8 18. Qf2 Ba8 19. Nc2 Qa7 20. Nd4 Qb8 21. b3
Qa7 22. Kh1 Bf8 23. b4 Ncd7 24. a3 Qb8 25. Nb3 Qa7 26. Na4 Rb8 27. Rd2 Bb7 28.
Nc3 Ba8 29. a4 Qc7 30. Rdc2 Ne8 31. Rb2 Bc6 32. b5 Bb7 33. bxa6 Bxa6 34. Nb5
Bxb5 35. cxb5 Nc5 36. Nd4 Ra8 37. Nc6 Rdc8 38. Bxc5 dxc5 39. e5 Rxa4 40. Rd2
Qb7 41. Rcd1 Rxc6 42. bxc6 Qxc6 43. Rb2 Nc7 44. Rdb1 Rb4 45. Rxb4 cxb4 46. Bd3
g6 47. Qc2 Qxc2 48. Bxc2 Nb5 49. Bb3 Bc5 50. g3 Nd4 51. Kg2 Nxb3 52. Rxb3 Kg7
53. f4 h6 54. h4 Be7 55. Kf3 Bc5 56. Ke4 Be7 57. Rd3 Bc5 58. g4 h5 59. gxh5
gxh5 60. f5 exf5+ 61. Kxf5 Be7 62. Rg3+ Kh7 63. Rh3 Kg7 64. Rb3 Kh7 65. Ke4 Kg6
66. Rg3+ Kh6 67. Rh3 Kg6 68. Kf4 Kh6 69. Kf5 Kg7 70. Rg3+ Kh7 71. Rd3 Kg8 72.
Rd2 Kf8 73. Rd3 Kg8 74. Rh3 Kg7 75. e6 fxe6+ 76. Kxe6 Bc5 77. Rf3 Kg6 78. Rg3+
Kh6 79. Kf7 Bd4 80. Rg6+ Kh7 81. Rg5 Kh6 82. Rg6+ Kh7 83. Rd6 Bf2 84. Rd2 Be3
85. Re2 Bd4 86. Re4 Bc5 87. Re5 Kh6 88. Re8 Bd4 89. Rd8 Be5 90. Rd5 Bg3 91. Rb5
Bxh4 92. Rxb6+ Kg5 93. Rb5+ Kg4 94. Rxb4+ Kg5 95. Rb5+ Kh6 96. Rd5 Bg3 97. Kf6
h4 98. Rd8 Kh5 99. Kf5 Kh6 100. Rg8 Kh7 101. Rg6 Bf2 102. Rf6 Kg7 103. Rg6+ Kf7
104. Rc6 Bg3 105. Rh6 1/2-1/2

[Event "Velka cena Tabora"]
[Site "?"]
[Date "2018.08.03"]
[Round "7.5"]
[White "Kudrlicka, Ladislav"]
[Black "Volodin, Viktor"]
[Result "0-1"]
[WhiteElo "2031"]
[BlackElo "2188"]
[PlyCount "74"]
[EventDate "2018.??.??"]

1. d4 Nf6 2. Nf3 e6 3. Bg5 d5 4. Nbd2 Be7 5. e3 O-O 6. Bd3 b6 7. Ne5 Bb7 8. O-O
Ne4 9. Bxe7 Qxe7 10. f3 Nxd2 11. Qxd2 f6 12. Ng4 Nd7 13. c3 e5 14. f4 e4 15.
Be2 f5 16. Ne5 Nxe5 17. fxe5 Bc8 18. c4 Be6 19. Rac1 c6 20. c5 Bd7 21. b4 b5
22. a4 a6 23. Ra1 g5 24. g3 Kg7 25. axb5 axb5 26. Ra5 Rxa5 27. bxa5 Bc8 28. Ra1
Ba6 29. Rf1 Qe6 30. h3 Qh6 31. Kh2 Bc8 32. Rg1 f4 33. g4 f3 34. Bf1 Ba6 35. Rg3
Kg6 36. Rg1 Qg7 37. Qe1 f2 0-1

[Event "Velka cena Tabora"]
[Site "?"]
[Date "2018.08.03"]
[Round "7.6"]
[White "Zilavy, Jan"]
[Black "Lys, Josef"]
[Result "1/2-1/2"]
[WhiteElo "2030"]
[BlackElo "2118"]
[PlyCount "54"]
[EventDate "2018.??.??"]

1. e4 c6 2. d4 d5 3. f3 b6 4. Bf4 e6 5. Nc3 Bd6 6. Qd2 Ne7 7. Bd3 Ba6 8. Nge2
Ng6 9. Bxd6 Qxd6 10. O-O-O Bxd3 11. Qxd3 a5 12. exd5 exd5 13. h4 O-O 14. h5 Nf4
15. Qf5 Nxe2+ 16. Nxe2 Nd7 17. g4 Qe6 18. Ng3 Rae8 19. Rhe1 Qd6 20. f4 Re6 21.
g5 Rfe8 22. Rxe6 Qxe6 23. Qxe6 Rxe6 24. Kd2 g6 25. Re1 Rxe1 26. Kxe1 f6 27.
hxg6 hxg6 1/2-1/2

[Event "Velka cena Tabora"]
[Site "?"]
[Date "2018.08.03"]
[Round "7.7"]
[White "Chval, Zdenek st"]
[Black "Parak, Dominik"]
[Result "1-0"]
[WhiteElo "2138"]
[BlackElo "2098"]
[PlyCount "41"]
[EventDate "2018.??.??"]

1. d4 Nf6 2. Nf3 d5 3. c4 c6 4. Nc3 e6 5. Bg5 Be7 6. e3 O-O 7. Bd3 Nbd7 8. O-O
Re8 9. Ne5 dxc4 10. Nxc4 b5 11. Bxf6 Nxf6 12. Ne5 Bb7 13. Qf3 b4 14. Ne4 Rc8
15. Ng5 Rf8 16. Qh3 g6 17. Ng4 h5 18. Nh6+ Kg7 19. Nhxf7 Qd5 20. Ne5 Ng4 21.
Bc4 1-0

[Event "Velka cena Tabora"]
[Site "?"]
[Date "2018.08.03"]
[Round "7.8"]
[White "Rolinek, Frantisek"]
[Black "Nehyba, Martin"]
[Result "0-1"]
[WhiteElo "1849"]
[BlackElo "2163"]
[PlyCount "68"]
[EventDate "2018.??.??"]

1. e4 c5 2. f4 e6 3. Nc3 Nc6 4. Nf3 g6 5. Bb5 Nge7 6. d4 cxd4 7. Nxd4 Bg7 8.
Nxc6 bxc6 9. Bd3 Rb8 10. O-O Rxb2 11. Bxb2 Qb6+ 12. Kh1 Qxb2 13. Ne2 Qxa1 14.
Qxa1 Bxa1 15. Rxa1 d6 16. Rb1 Kd7 17. g4 f6 18. Kg2 Kc7 19. Kg3 Bd7 20. Rb3 Rb8
21. h4 Rxb3 22. axb3 c5 23. g5 f5 24. Nc3 d5 25. exf5 exf5 26. Nb5+ Bxb5 27.
Bxb5 Kb6 28. Bd7 Ka5 29. c3 d4 30. cxd4 cxd4 31. Ba4 Kb4 32. Kf3 Kc3 33. Ke2
Nd5 34. Be8 d3+ 0-1

[Event "Velka cena Tabora"]
[Site "?"]
[Date "2018.08.03"]
[Round "7.9"]
[White "Mulenko, Alexander"]
[Black "Christen, Pierre"]
[Result "1-0"]
[WhiteElo "2109"]
[BlackElo "1923"]
[PlyCount "51"]
[EventDate "2018.??.??"]

1. Nf3 Nf6 2. c4 c5 3. g3 g6 4. Bg2 Bg7 5. O-O O-O 6. d4 cxd4 7. Nxd4 Nc6 8.
Nc3 a6 9. c5 e5 10. Nb3 b5 11. Bg5 h6 12. Bxf6 Qxf6 13. Ne4 Qe7 14. Nd6 Ra7 15.
Bd5 Rc7 16. Qd2 Nd4 17. Rac1 Kh7 18. e3 Nxb3 19. axb3 Rxc5 20. Rxc5 Qxd6 21.
Qc2 Qb8 22. Rc1 Bb7 23. Bxb7 Qxb7 24. Rc7 Qf3 25. Rxd7 h5 26. h4 1-0

[Event "Velka cena Tabora"]
[Site "?"]
[Date "2018.08.03"]
[Round "7.10"]
[White "Vasicek, Martin"]
[Black "Krbusik, Marian"]
[Result "1-0"]
[WhiteElo "2098"]
[BlackElo "1902"]
[PlyCount "57"]
[EventDate "2018.??.??"]

1. d4 d5 2. Nf3 Nf6 3. Bf4 e6 4. e3 Bd6 5. Bg3 b6 6. Nbd2 Bb7 7. Bd3 Nbd7 8. c3
Qe7 9. Ne5 a6 10. Qe2 c5 11. O-O O-O 12. Qf3 b5 13. Bf4 Rfe8 14. Qh3 Nf8 15.
Bg5 Ng6 16. Ng4 Qd8 17. Nf3 Be7 18. Bxf6 Bxf6 19. Nfe5 Bxe5 20. Nxe5 c4 21.
Bxg6 hxg6 22. f4 a5 23. g4 Re7 24. Rf3 Qe8 25. g5 f6 26. Ng4 Kf7 27. gxf6 Rc7
28. fxg7 Ke7 29. Nh6 1-0

[Event "Velka cena Tabora"]
[Site "?"]
[Date "2018.08.04"]
[Round "8.1"]
[White "Pribyl, Josef"]
[Black "Zeman, Matyas"]
[Result "1/2-1/2"]
[WhiteElo "2263"]
[BlackElo "2181"]
[PlyCount "27"]
[EventDate "2018.??.??"]

1. d4 Nf6 2. Bg5 d5 3. Bxf6 exf6 4. Nf3 Bd6 5. e3 O-O 6. c4 dxc4 7. Bxc4 c6 8.
Nc3 Nd7 9. O-O Re8 10. Qc2 Nf8 11. h3 Be6 12. Bxe6 Nxe6 13. Rad1 Qc7 14. Rfe1
1/2-1/2

[Event "Velka cena Tabora"]
[Site "?"]
[Date "2018.08.04"]
[Round "8.2"]
[White "Volodin, Viktor"]
[Black "den Boer, Lennard"]
[Result "1/2-1/2"]
[WhiteElo "2188"]
[BlackElo "2112"]
[PlyCount "27"]
[EventDate "2018.??.??"]

1. d4 d5 2. Nf3 c6 3. c4 e6 4. Nbd2 f5 5. g3 Nf6 6. Bg2 Bd6 7. O-O Nbd7 8. b3
O-O 9. Qc2 Qe7 10. Bb2 b6 11. Ne1 Ba6 12. Nd3 Rac8 13. Rac1 c5 14. dxc5 1/2-1/2

[Event "Velka cena Tabora"]
[Site "?"]
[Date "2018.08.04"]
[Round "8.3"]
[White "Borkovec, Milan"]
[Black "Popelka, Oldrich"]
[Result "1-0"]
[WhiteElo "2202"]
[BlackElo "2110"]
[PlyCount "83"]
[EventDate "2018.??.??"]

1. e4 c5 2. Nf3 g6 3. d4 cxd4 4. Nxd4 Bg7 5. c4 Nc6 6. Be3 d6 7. Nc3 Nf6 8. Be2
Bd7 9. Qd2 Nxd4 10. Bxd4 O-O 11. O-O Bc6 12. f3 a5 13. b3 Nd7 14. Be3 Nc5 15.
Rab1 Qb6 16. Rfc1 Rfc8 17. Rc2 Qd8 18. Bf1 Qf8 19. Rd1 h5 20. Nd5 Bxd5 21. Qxd5
Qe8 22. Qd2 Qf8 23. g3 Rc7 24. Bg2 Qc8 25. Rdc1 Qe6 26. Qd5 Rac8 27. f4 Qg4 28.
Bf2 h4 29. h3 Qe6 30. g4 Qf6 31. Be3 e5 32. g5 Qe6 33. f5 gxf5 34. exf5 Qxf5
35. Rf2 Qe6 36. Rcf1 Re8 37. Bxc5 dxc5 38. Be4 b6 39. Qd3 Kh8 40. Qf3 f5 41.
Qh5+ Kg8 42. Bd5 1-0

[Event "Velka cena Tabora"]
[Site "?"]
[Date "2018.08.04"]
[Round "8.4"]
[White "Dolezal, Radoslav"]
[Black "Mulenko, Alexander"]
[Result "1/2-1/2"]
[WhiteElo "2368"]
[BlackElo "2109"]
[PlyCount "39"]
[EventDate "2018.??.??"]

1. d4 Nf6 2. c4 e6 3. Nf3 b6 4. g3 Bb7 5. Bg2 Bb4+ 6. Nbd2 O-O 7. O-O a5 8. Qc2
Bxd2 9. Bxd2 Be4 10. Qc3 d6 11. Rfd1 Nbd7 12. Bf1 Bb7 13. Ne1 Ne4 14. Qc2 Nxd2
15. Rxd2 Qe7 16. Rad1 f5 17. Bg2 Bxg2 18. Nxg2 Nf6 19. f3 g6 20. e3 1/2-1/2

[Event "Velka cena Tabora"]
[Site "?"]
[Date "2018.08.04"]
[Round "8.5"]
[White "Nehyba, Martin"]
[Black "Zilavy, Jan"]
[Result "1/2-1/2"]
[WhiteElo "2163"]
[BlackElo "2030"]
[PlyCount "117"]
[EventDate "2018.??.??"]

1. e4 e6 2. d4 d5 3. Nc3 Nf6 4. Bg5 Bb4 5. e5 h6 6. Be3 Ne4 7. Nge2 c5 8. a3
Bxc3+ 9. Nxc3 Qa5 10. Qg4 Kf8 11. b4 cxb4 12. Nxe4 dxe4 13. Bd2 Nc6 14. Qxe4
Qa4 15. d5 exd5 16. Qxd5 bxa3 17. Bb5 Qd4 18. Qxd4 Nxd4 19. Bd3 Bf5 20. Bb4+
Ke8 21. Bxf5 Nxf5 22. O-O-O Rd8 23. c3 h5 24. Bxa3 Rh6 25. Rxd8+ Kxd8 26. Rd1+
Kc7 27. h3 h4 28. Rd3 Re6 29. g4 hxg3 30. fxg3 Rxe5 31. g4 Re3 32. Bd6+ Kc6 33.
Rxe3 Nxe3 34. Be5 g6 35. Bd4 Nd5 36. h4 Nf4 37. Kd2 Kd5 38. Bxa7 Ke4 39. c4 Kf3
40. h5 gxh5 41. gxh5 Nxh5 42. Kd3 f5 43. Kd4 f4 44. Kc5 Ke2 45. Kb6 Kd3 46. c5
f3 47. Kxb7 f2 48. c6 f1=Q 49. c7 Qf3+ 50. Kb8 Qf4 51. Kb7 Qe4+ 52. Kb8 Qe5 53.
Kb7 Qd5+ 54. Kb8 Qb5+ 55. Bb6 Qxb6+ 56. Ka8 Qc6+ 57. Kb8 Nf6 58. c8=Q Nd7+ 59.
Ka7 1/2-1/2

[Event "Velka cena Tabora"]
[Site "?"]
[Date "2018.08.04"]
[Round "8.6"]
[White "Krouzel, Jaroslav"]
[Black "Chval, Zdenek st"]
[Result "0-1"]
[WhiteElo "2079"]
[BlackElo "2138"]
[PlyCount "58"]
[EventDate "2018.??.??"]

1. d4 Nf6 2. c4 g6 3. Nc3 Bg7 4. e4 d6 5. Be2 O-O 6. Bg5 Nbd7 7. f4 c5 8. d5 b5
9. cxb5 a6 10. bxa6 Bxa6 11. Nf3 Qb6 12. Qd2 c4 13. Bh4 Rab8 14. Rb1 Nc5 15. e5
dxe5 16. Nxe5 Nfe4 17. Qc2 Nd3+ 18. Kf1 Qe3 19. Nxe4 Qxf4+ 20. Bf3 Bxe5 21. Bg5
Qf5 22. Be3 Rfc8 23. Kg1 Bxb2 24. d6 Qe5 25. dxe7 f5 26. Qa4 fxe4 27. Bg4 Bd4
28. Rxb8 Bxe3+ 29. Kf1 Rxb8 0-1

[Event "Velka cena Tabora"]
[Site "?"]
[Date "2018.08.04"]
[Round "8.7"]
[White "Lys, Josef"]
[Black "Vasicek, Martin"]
[Result "1-0"]
[WhiteElo "2118"]
[BlackElo "2098"]
[PlyCount "53"]
[EventDate "2018.??.??"]

1. d4 Nf6 2. Bg5 e6 3. e4 Be7 4. Bd3 d5 5. e5 Nfd7 6. Bxe7 Qxe7 7. c3 c5 8. Nf3
Nc6 9. O-O O-O 10. Nbd2 b6 11. a3 f6 12. exf6 Qxf6 13. Bb5 Bb7 14. Qa4 Rac8 15.
Rae1 e5 16. dxe5 Ndxe5 17. Nxe5 Nxe5 18. Qxa7 Rf7 19. Qa4 c4 20. Qc2 Nd3 21.
Re3 d4 22. Rg3 Nxf2 23. Qc1 dxc3 24. Qxc3 Qf5 25. Bxc4 Nh3+ 26. Rxh3 Qc5+ 27.
Qe3 1-0

[Event "Velka cena Tabora"]
[Site "?"]
[Date "2018.08.04"]
[Round "8.8"]
[White "Nagy, Ladislav"]
[Black "Romanov, Sergey"]
[Result "1/2-1/2"]
[WhiteElo "1996"]
[BlackElo "2102"]
[PlyCount "44"]
[EventDate "2018.??.??"]

1. e4 c5 2. Nc3 Nc6 3. g3 d6 4. Bg2 g6 5. d3 Bg7 6. f4 e6 7. Nf3 a6 8. O-O Nge7
9. Be3 Qb6 10. Rb1 O-O 11. Qd2 Bd7 12. Ne2 Qb4 13. c3 Qa5 14. d4 c4 15. Nh4 f5
16. exf5 gxf5 17. a3 Nd5 18. h3 Nce7 19. g4 Rae8 20. g5 Bc6 21. Ng3 Ng6 22.
Nxg6 hxg6 1/2-1/2

[Event "Velka cena Tabora"]
[Site "?"]
[Date "2018.08.04"]
[Round "8.9"]
[White "Kudrlicka, Ladislav"]
[Black "Heinzel, Olaf"]
[Result "0-1"]
[WhiteElo "2031"]
[BlackElo "2354"]
[PlyCount "112"]
[EventDate "2018.??.??"]

1. d4 Nf6 2. Nf3 c5 3. c3 b6 4. Bf4 Bb7 5. Nbd2 d6 6. e3 Nh5 7. Bg5 h6 8. Bh4
g5 9. Ng1 Nf6 10. Bg3 Nbd7 11. h4 g4 12. e4 Nxe4 13. Nxe4 Bxe4 14. Qxg4 Bc6 15.
Qd1 Nf6 16. f3 Qd7 17. Nh3 cxd4 18. Qxd4 Bg7 19. Bf2 e5 20. Qd2 O-O-O 21. O-O-O
Bd5 22. Kb1 Qa4 23. c4 Be6 24. Qc2 Qc6 25. Bd3 Kb8 26. Qe2 Rc8 27. Rc1 Rhd8 28.
Rhd1 Qe8 29. g4 Qd7 30. c5 bxc5 31. Ba6 Qa4 32. b3 Qc6 33. Bxc8 Rxc8 34. Be1
Ka8 35. Bc3 Nd5 36. Bb2 f5 37. Nf2 Nf4 38. Qd2 d5 39. g5 hxg5 40. hxg5 Qb7 41.
Re1 d4 42. Nd3 Nxd3 43. Qxd3 e4 44. fxe4 fxe4 45. Rxe4 Bf5 46. Rce1 c4 47. Qf3
Bxe4+ 48. Rxe4 c3 49. Ba3 Qd5 50. Kc2 Rd8 51. Qd3 Qf5 52. Re2 Qxd3+ 53. Kxd3
Rh8 54. Kc2 Kb8 55. Bd6+ Kc8 56. Be5 Re8 0-1

[Event "Velka cena Tabora"]
[Site "?"]
[Date "2018.08.04"]
[Round "8.10"]
[White "Korinkova, Eva"]
[Black "Kotal, Vaclav"]
[Result "0-1"]
[WhiteElo "1850"]
[BlackElo "2101"]
[PlyCount "66"]
[EventDate "2018.??.??"]

1. e4 e5 2. Nf3 Nc6 3. g3 Nf6 4. d3 d5 5. Nbd2 Bg4 6. Bg2 dxe4 7. dxe4 Qd7 8.
O-O O-O-O 9. Qe1 h5 10. h4 Bc5 11. Nb3 Bb6 12. Bg5 Bxf3 13. Bxf3 Qh3 14. Bg2
Qxg3 15. Kh1 Qg4 16. f3 Qe6 17. Qc3 Nd4 18. f4 Ne2 19. f5 Qe7 20. Qe1 Nd4 21.
Nxd4 Rxd4 22. a4 a6 23. a5 Bc5 24. c3 Rd3 25. b4 Ba7 26. c4 Rhd8 27. c5 R8d4
28. Qe2 Qd7 29. Rfb1 Ng4 30. Bf1 f6 31. Bc1 Rxe4 32. c6 Qxc6 33. Qa2 Re2+ 0-1

[Event "Velka cena Tabora"]
[Site "?"]
[Date "2018.08.05"]
[Round "9.1"]
[White "Zeman, Matyas"]
[Black "Volodin, Viktor"]
[Result "1/2-1/2"]
[WhiteElo "2181"]
[BlackElo "2188"]
[PlyCount "97"]
[EventDate "2018.??.??"]

1. d4 d5 2. Bf4 Nf6 3. e3 e6 4. Nd2 c5 5. c3 Nc6 6. Ngf3 Bd6 7. Bg3 O-O 8. Bd3
b6 9. e4 dxe4 10. Nxe4 Nxe4 11. Bxe4 Bb7 12. dxc5 Bxc5 13. Qa4 Qc8 14. O-O f5
15. Bc2 Ne7 16. b4 Bc6 17. Qb3 Bd5 18. Qb1 Bxf3 19. gxf3 f4 20. Bxh7+ Kh8 21.
bxc5 Qxc5 22. Be4 Rad8 23. Qb4 fxg3 24. hxg3 Rc8 25. Kg2 Nd5 26. Rh1+ Kg8 27.
Qb3 Qc4 28. Rh4 Qxb3 29. axb3 Rxc3 30. Bh7+ Kf7 31. Rxa7+ Rc7 32. Rxc7+ Nxc7
33. Rc4 Nd5 34. Be4 Ne7 35. Rc7 Rd8 36. Rb7 Rd6 37. f4 Rd4 38. Bc2 Rb4 39. Rc7
Kf6 40. Rc4 Rxc4 41. bxc4 Nc8 42. Kf3 Nd6 43. Bd3 e5 44. fxe5+ Kxe5 45. Ke3 g5
46. f4+ gxf4+ 47. gxf4+ Ke6 48. Kd4 Ne8 49. c5 1/2-1/2

[Event "Velka cena Tabora"]
[Site "?"]
[Date "2018.08.05"]
[Round "9.3"]
[White "Chval, Zdenek st"]
[Black "Borkovec, Milan"]
[Result "0-1"]
[WhiteElo "2138"]
[BlackElo "2202"]
[PlyCount "50"]
[EventDate "2018.??.??"]

1. e4 e5 2. Nf3 Nc6 3. Bb5 a6 4. Ba4 Nf6 5. O-O Be7 6. Re1 b5 7. Bb3 d6 8. c3
O-O 9. h3 Bb7 10. d4 Re8 11. Ng5 Rf8 12. Nf3 h6 13. Nbd2 Re8 14. Nf1 Bf8 15.
Ng3 g6 16. Nh2 Bg7 17. f4 exd4 18. cxd4 Nxd4 19. Qxd4 Nxe4 20. Qd3 Qh4 21. Nhf1
Nxg3 22. Rxe8+ Rxe8 23. Nxg3 Re1+ 24. Kf2 Rxc1 25. Rxc1 Qxf4+ 0-1

[Event "Velka cena Tabora"]
[Site "?"]
[Date "2018.08.05"]
[Round "9.4"]
[White "Heinzel, Olaf"]
[Black "Lys, Josef"]
[Result "0-1"]
[WhiteElo "2354"]
[BlackElo "2118"]
[PlyCount "68"]
[EventDate "2018.??.??"]

1. Nf3 d5 2. c4 c6 3. g3 Bg4 4. Bg2 e6 5. O-O Nf6 6. b3 Nbd7 7. Bb2 Qb6 8. d3
Be7 9. Nbd2 O-O 10. h3 Bxf3 11. Nxf3 a5 12. Rb1 Qa7 13. Qc2 Rad8 14. e3 Rfe8
15. a3 Bf8 16. cxd5 exd5 17. b4 axb4 18. axb4 Ra8 19. Bd4 Qa4 20. Qc3 Qb5 21.
Rfc1 Ra2 22. Rb3 Rea8 23. Ne5 Qa4 24. Nxd7 Nxd7 25. e4 dxe4 26. dxe4 Ra3 27.
Rcb1 Rxb3 28. Rxb3 Qb5 29. Bf1 Qh5 30. Qd2 Nf6 31. e5 Ne4 32. Qe1 Ng5 33. g4
Qh4 34. Qc3 Rd8 0-1